Statistics for Five Largest Countries by Letter #1

Click here to take the quiz!

General Stats

  • This quiz has been taken 118 times
  • The average score is 16 of 20

Answer Stats

country% Correct
1Brazil
95%
1Canada
94%
2Argentina
92%
1Australia
92%
1Ethiopia
92%
3Algeria
86%
2China
86%
4Eritrea
85%
4Angola
79%
2Bolivia
79%
3Botswana
78%
2Egypt
77%
4Colombia
73%
3Ecuador
72%
3Chad
71%
5Chile
69%
5Afghanistan
68%
5Estonia
65%
5Belarus
57%
4Burkina Faso
49%

Score Distribution

Percentile by Number Answered

Percent of People with Each Score

Your Score History

You have not taken this quiz